000 00861nam a22002297a 4500
005 20180501140907.0
010 _a1718EN-30 ENG-122836
020 _a9789385152719
_c395.00
035 _aB-682542-562 EN-106368
037 _bAakar
_adpl
037 _bDBAD/PUB.
082 _a158.12
100 _aNewmark, Amy
245 _aChicken soup for the IItian's soul /
_cby Amy Newmark, Juuhi Raai [and] Deepak Farmania
260 _aNew Delhi
_bWestlnd
_c2015
270 _a93, I Floor, Sham Lal Road, Daryaganj,
_bNew Delhi
_e110002
300 v _axi,383p.
_c19cm(pbk)
700 _aRaai, Juuhi
700 _aFarmania, Deepak
942 _2ddc
_cEN
_mNEW
_h158.12
999 _c145397
_d145397